Регионална библиотека "Любен Каравелов" - Русе

Икономическото сътрудничество и финансово-кредитните отношения между социалистическите страни (Запис номер 114114)

MARC детайли
000 -Лидер
Контролно поле с фиксирана дължина 01301nam a2200325 c 4500
003 - Код на организацията, давaща контролен номер
Контролно поле BLK
005 - Дата и час на последна редакция
Контролно поле 20220513151529.0
008 - Елементи от данни с фиксирана дължина
fixed length control field 180409b bul|||||r ||||||| ||bul||
010 ## - Наследен системен номер
LC control number KNG00119544000
040 ## - Източник на каталожния запис
Идентификатор на билиотеката - собственик на записа BLK
041 ## - Код за език
Код за езика на текст/звукозапис или на отделно заглавие Български
Код за езика КДБФ Български
080 ## - УДК
Текстов определител УДК Динамика и развитие на икономиката
УДК код - определител по УДК 330.3
УДК - код + определител 330.3
100 1# - Редна дума - Автор
Автор Дълбоков, Сава Атанасов
Авторска отговорност първи автор
R(LIN) 313168
139 ## - Редно поле
Редна дума Дълбоков, Сава Атанасов
Авторски знак Дъ - Д 95
245 10 - Сведения за заглавието
Заглавие Икономическото сътрудничество и финансово-кредитните отношения между социалистическите страни
Редно поле (дума) Сава Атанасов Дълбоков.
257 ## - Страна на издаване
Страна на създаване/издаване България
260 ## - Област на издателските данни
Място на издаване, разпространение и проч. София
Име на издателя, разпространителя и проч. БКП
Година на издаване 1965
300 ## - Физическа характеристика
Страници 220 с.
Размери/Мащаб 25 см
380 ## - Жанр
Жанр Обществени науки
500 ## - Общи забележки
Забележка 1 600 тир.
650 #4 - Допълнително описание по предмет – тема
Основно описание – тема или топоним Икономическо сътрудничество - социалистически страни
9 (RLIN) 313169
653 ## - Ключова дума – ненормативна
Ключова дума икономика
653 ## - Ключова дума – ненормативна
Ключова дума сътрудничество
653 ## - Ключова дума – ненормативна
Ключова дума социалистически страни
852 ## - Местоположение
Форматна сигнатура Цб 33183
856 4# - Електронен адрес и достъп
Електронен формат pdf - файл
856 4# - Електронен адрес и достъп
Електронен формат pdf - файл
999 ## - СИСТЕМНИ КОНТРОЛНИ НОМЕРА
Koha biblionumber 114114
Koha biblioitemnumber 114114
942 ## - АРТИКУЛИ
Вид на библиотечния материал Книги
Скрит в OPAC Не
Периодичен библиозапис Да
944 ## - СЪЗДАВАНЕ И РЕДАКЦИЯ на ЗАПИСА
Създаване/Редакция Създаване
Дата на регистрацията/редакция 19.10.2016
Служител, извършил регистрацията/редакцията Елица_Владова
944 ## - СЪЗДАВАНЕ И РЕДАКЦИЯ на ЗАПИСА
Създаване/Редакция Редакция
Дата на регистрацията/редакция 19.10.2016
Служител, извършил регистрацията/редакцията Елица_Владова
999 ## - СИСТЕМНИ КОНТРОЛНИ НОМЕРА
Koha biblioitemnumber 114114
Наличности
Код за отписване Код за изгубен артикул Източник на класификационната схема Код за повреда Коз за рестрикции Код за отдаване Артикулен № Име на библиотеката - собственик Име на библиотеката, в която се намира в момента Статус (Текущо местоположение) Дата на вписване в системата Местоположение - отдел Цена в лева Инвентарен номер Систематично азбучна сигнатура Баркод Номер на екземпляра Цена в евро Служебна бележка Служебен тип на артикула
  Не е изгубен Universal Decimal Classification Не е повреден без рестрикции ползва се в читалня 182516 Регионална библиотека "Любен Каравелов" Русе Регионална библиотека "Любен Каравелов" Русе Хранилище 1965-01-01 Хранилище 0.60 5426/65 Цб 33183 900000095455 1 0.31 N: стар фонд Дата: 01.01.1965 Книги
Изтеглен Не е изгубен Universal Decimal Classification Не е повреден без рестрикции заемане за дома 182517 Регионална библиотека "Любен Каравелов" Русе Регионална библиотека "Любен Каравелов" Русе Заемна - подръчен фонд 1965-01-01 Заемна - подръчен фонд 0.00 6556/65 П 330/Д 95 6556/65 2 0.00 N: стар фонд Дата: 01.01.1965 Книги
Vip Innovations Ltd, Rousse, Bulgaria 2025